| Registos Bibliográficos associados ao registo de autoridade |
|
Etiqueta de registo: 00254nam 2200025 450 001 2226155 003 http://id.bnportugal.gov.pt/bib/catbnp/2226155 010 ## $a978-989-35831-6-6 021 ## $aPT$b552241/25 100 ## $a20250915d2025 m y0pory01030103ba 101 0# $apor 102 ## $aPT 105 ## $aa z 000cy 106 ## $ar 200 1# $a ( Re)Imaginar Ponta Delgada$fFlávia Almeida... [et al.]$gfot. Andrea Santolaya$gintrod. e coord. Pedro Arruda 210 #9 $a[S.l.]$cArtes e Letras,$d2025 215 ## $a121, [2] p.$cil.$d24 cm 225 2# $aAvenida Marginal.$h6,$iEnsaios 675 ## $a821.134.3-4"19/20"$vBN$zpor$31159656 675 ## $a908(469.9)(042)$vBN$zpor$31152515 701 #1 $aAlmeida,$bFlávia,$f1978-$4070$31906575 702 #1 $aSantolaya,$bAndrea,$f1982-$4600$31966382 702 #1 $aArruda,$bPedro,$f1974-$4080$31669148 801 #0 $aPT$bBN$gRPC 856 41 $uhttp://rnod.bnportugal.gov.pt/ImagesBN/winlibimg.aspx?skey=&doc=2226155&img=213358&save=true 900 ## $aBIBNAC$d20251022 966 ## $lBN$mFGMON$sH.G. 88490 V.$x1 966 ## $lBN$mFGMON$sH.G. 88490 V.-D$x1 971 ## $cssilva$d20250915 972 ## $e0$z0$d20251022$vasantos 973 ## $ctrodrigues$d20251009
Etiqueta de registo: 00254nam 2200025 450 001 2284647 003 http://id.bnportugal.gov.pt/bib/catbnp/2284647 010 ## $a978-972-647-445-6 021 ## $aPT$b550269/25 100 ## $a20260417d2025 m b0pory01030103ba 101 0# $apor$aeng 102 ## $aPT 105 ## $aa b 000yy 106 ## $ar 200 1# $a A ilha de Sam Nunca$fAndrea Santolaya$gcoord. Bruna Roque... [et al.]$gtextos Enrique Vila-Matas... [et al.]$gtrad. Maria Rita Boleiro 210 #9 $a[S.l.]$cDireção Regional da Cultura - Museu Carlos Machado,$dcop. 2025 215 ## $a149, [3] p.$cil.$d24 cm 305 ## $aEd. bilingue em português e inglês 702 #1 $aSantolaya,$bAndrea,$f1982-$4040$31966382 702 #1 $aBolero,$bMaria Rita$4730$31996127 702 #1 $aVila-Matas,$bEnrique,$f1948-$4070$3668220 702 #1 $aRoque,$bBruna$4340$31749218 801 #0 $aPT$bBN$gRPC 966 ## $lBN$mFGMON$x1 966 ## $lBN$mFGMON$x1 971 ## $cssilva$d20260417
|
|
|